LEADER 00908nam0-2200337---450- 001 990009501990403321 005 20111222143816.0 010 $a978-88-339-1859-4 035 $a000950199 035 $aFED01000950199 035 $a(Aleph)000950199FED01 035 $a000950199 100 $a20111209d2008----km-y0itay50------ba 101 0 $aita 102 $aIT 105 $aY-------001yy 200 1 $aContro il target$fRemo Bassetti 210 $a[Torino]$cBollati Boringhieri$d2008 215 $a125 p.$d20 cm 225 1 $aTemi$v175 610 0 $aConsumo$aAspetti socio-culturali 676 $a306.3$v22$zita 676 $a381.32$v22$zita 700 1$aBassetti,$bRemo$0263418 801 0$aIT$bUNINA$gRICA$2UNIMARC 901 $aBK 912 $a990009501990403321 952 $a306.3 BAS 1$bDip.Disc.Stor. 13026$fFLFBC 959 $aFLFBC 996 $aContro il target$9851304 997 $aUNINA LEADER 01079nam--2200337---450- 001 990003458210203316 005 20101021150334.0 010 $a978-3-16-149651-6 035 $a000345821 035 $aUSA01000345821 035 $a(ALEPH)000345821USA01 035 $a000345821 100 $a20101021d2008----km-y0itay50------ba 101 0 $ager 102 $aDE 105 $a||||||||001yy 200 1 $aAllgemeines Verwaltungsrecht - zur Tragfähigkeit eines Konzepts$fherausgegeben von Hans-Heinrich Trute ...[et al] 210 $aTübingen$cMohr Siebeck$d2008 215 $aX, 945 p.$d25 cm 606 0 $aDiritto costituzionale comparato$2BNCF 676 $a342.4 801 0$aIT$bsalbc$gISBD 912 $a990003458210203316 951 $aXXIX.2.C. 181$b68834 G.$cXXIX.2.C.$d00283396 959 $aBK 969 $aGIU 979 $aCHIARA$b90$c20101021$lUSA01$h1422 979 $aCHIARA$b90$c20101021$lUSA01$h1455 979 $aCHIARA$b90$c20101021$lUSA01$h1503 996 $aAllgemeines Verwaltungsrecht - zur Tragfähigkeit eines Konzepts$91109289 997 $aUNISA